Lidské zdroje v dynamickém modelu muzea

Teoretické východiská systémovej dynamiky v nadväznosti na ekonomický život múzea. Muzejníctvo ako oblasť produkcie služieb. Modely služieb a návštevnosť múzea. Základné procesy pri riadení ľudských zdrojov.

Gespeichert in:
Bibliographische Detailangaben
1. Verfasser: Půček, Milan Jan
Weitere Verfasser: Sobotka, Martin, Šimčík, Antonín
Format: Buchkapitel
Sprache:Tschechisch
Schlagworte:
Tags: Tag hinzufügen
Keine Tags, Fügen Sie das erste Tag hinzu!

MARC

LEADER 00000nla a2200000 4500
001 0229870
005 20240417075115.7
041 0 |a cze 
044 |a CZ 
245 1 0 |a Lidské zdroje v dynamickém modelu muzea  |c Milan Jan Půček, Martin Sobotka, Antonín Šimčík 
520 |a Teoretické východiská systémovej dynamiky v nadväznosti na ekonomický život múzea. Muzejníctvo ako oblasť produkcie služieb. Modely služieb a návštevnosť múzea. Základné procesy pri riadení ľudských zdrojov. 
610 2 0 |a riadenie ľudských zdrojov 
610 2 0 |a modely riadenia 
610 2 0 |a služby nevýrobné 
610 2 0 |a efektívnosť 
610 2 0 |a kvalita 
610 2 0 |a manažment 
610 2 0 |a marketing 
610 2 0 |a múzeá 
100 1 |a Půček, Milan Jan 
700 1 |a Sobotka, Martin 
700 1 |a Šimčík, Antonín